000 00885nas a2200277 4500
001 BR7908840
003 BR-BrBNA
005 20231205084048.0
007 ta
008 230509b bl.|||p| |||| 00| 00por d
040 _aBR-BrBNA
_bpor
_cBiblioteca Nacional de Agricultura
041 _a(Pt)
072 _aL34
100 1 _aCarvalho, E.P. de
100 1 _aCosta, L.C.G.
245 1 _aDiferentes temperaturas e meios de cultura para o isolamento de Salmonella sp. e outras bacterias em racoes iniciais para frango de corte [salmonelas]
650 _aFRANGO DE CORTE
650 _aRACAO
650 _aSALMONELA
650 _aMEIO DE CULTURA
650 _aBACTERIA
650 _aTEMPERATURA
773 0 _tRevista de Microbiologia (Brazil)
_xISSN 0001-3714
_g(Jan-Mar 1979), v. 10(1) p. 10-13
_wBR7908840
909 _a202311
_bLúcia
_c55
_dLúcia Elande
942 _2AGRIS
_n0
_cANA
999 _c102893
_d102893